000 00679nam a2200181 i 4500
001 99360
003 ES-MaACL
005 20230906182502.0
007 t|
008 050907s1932 sp ||||1| spa d
100 1 _aMartín-Granizo, León.
_977517
245 1 0 _aDerecho Social
_b: obra ajustada al programa de 26 de Octubre de 1931 para el tercer ejercicio de las oposiciones a ingreso en el cuerpo de aspirantes a la judicatura /
_cLeón Martín-Granizo, Mariano González-Rothvoss.
250 _a2ª ed. corr. y aum.
260 _aMadrid :
_bReus,
_c1932.
300 _a399 p. ;
_c23 cm.
700 0 _aGonzález-Rothvoss y Gil, Mariano.
_958932
852 _aES-MaACL
_jA-1202
999 _c99360
_d99360